Hogyan választják meg beszállítóikat a "nagyok"? A beszállítók kiválasztása a T-Systems gyakorlatában

Bibliográfiai részletek
Szerző: Cábóczky Orsolya
További közreműködők: Forgács Dr. Anna
Dokumentumtípus: Diplomadolgozat
Kulcsszavak:Beszállítók
Kiválasztási folyamat
Értékelési szempontrendszer
Online Access:http://dolgozattar.uni-bge.hu/8535

MARC

LEADER 00000nta a2200000 i 4500
001 dolg8535
005 20170405141412.0
008 161209suuuu hu om 000 hun d
040 |a BGE Dolgozattár Repozitórium  |b hun 
041 |a hu 
100 1 |a Cábóczky Orsolya 
245 1 0 |a Hogyan választják meg beszállítóikat a "nagyok"? A beszállítók kiválasztása a T-Systems gyakorlatában  |c Cábóczky Orsolya  |h [elektronikus dokumentum] 
695 |a Beszállítók 
695 |a Kiválasztási folyamat 
695 |a Értékelési szempontrendszer 
700 1 |a Forgács Dr. Anna  |e ths 
856 4 0 |u http://dolgozattar.uni-bge.hu/8535/1/C%C3%A1b%C3%B3czky_Orsolya_Szakdolgozat_2016.pdf  |z Dokumentum-elérés 
856 4 0 |u http://dolgozattar.uni-bge.hu/8535/2/Hivatalos_Bejegyz%C3%A9s_Bizalmas_Kezel%C3%A9s_Ir%C3%A1nti_K%C3%A9relem_2016.pdf  |z Dokumentum-elérés